000 02210cam a22004454i 4500
003 PE-LiUPU
005 20250731173445.0
008 150616s1966 r 000 0 eng d
035 _a(Sirsi) a5879
040 _aPE-LiUPU
_bspa
_cPE-LiUPU
_erda
049 _aPRUA
082 0 4 _a236.23
_bF936c
_223
100 1 _aFroom, Le Roy Edwin,
_d1890-1974,
_eautor.
245 1 4 _aThe conditionalist faith of our fathers :
_bThe conflict of the ages over the nature and destiny of man /
_cLe Roy Edwin Froom.
264 1 _aWashington :
_bReview and Herald Publishing association,
_c1966.
300 _a2 volúmenes :
_bIlustraciones, láminas, fotos ;
_c23 centímetros.
336 _atext
_2rdacontent
337 _aunmediated
_2rdamedia
338 _avolume
_2rdacarrier
505 0 _aVolumen 1: Biblical norm set forth in old testament. Earliest comprenhensive evidence on life, death, and destiny -- Comprehensive witness of the new testament. Consummating testimony of Christ and teh apostles on the origin, nature, and destiny of man -- Historical development of innate-inmortality concept (900 B.C. to the time of Christ)- Rise of platonic postulate and penetration into jewry.- Historical conflicts compass the early centuries (A.D. 150 to A.D. 500)- Positions of sub-apostolic and ante-nicene developments eventutate in a theological trilemma.
505 0 _aVolumen 2: From represssion and obscurity to restoration (600 a 1800) -- Gathering momentum and status (1800 a 1900) -- Accelerated acceptance and expansión (twentieth century) -- Spiritualism climaxes the conflict (a determining factor).
526 _aSEG42
526 _aSEG41
526 _aSEG40
526 _aSEG39
526 _aP94
526 _aP87
526 _aP86
526 _aP85
526 _aP77
526 _aP76
526 _aP35
650 1 4 _aInmortalidad condicional
_xHistoria
_93083
910 _ajck
942 _2ddc
_cBK
_n0
949 _a236.23
_wDEWEY
_c1
_i15528
_lCCODEBUL1
_mBUL
_p00.00
_r0
_sY
_tBOOK
_u2015-04-23
_xBIBLIOTECA
_zUNKNOWN
_0COMPRA
_o.STAFF. Colección General
980 _81
_gALBERTO SANCHEZ Responsable de Automatización
999 _c56953
_d56953